000 00831nam a2200229 a 4500
008 090114s1999 ||||||||||||||||| || u
020 _a9072746864
050 _aCTA(08)AGR
100 _aDikken, G. den
245 1 0 _aDuck keeping in the tropics
_cS.J van der Meulen, G den Dikken; illustrations by Barbera van Oranje
260 _aWageningen, Netherlands
_bCTA
_c1999
300 _a78p.: ill.
350 _a0.00
490 _aAGRODOK
500 _aAgrodok-series No. 33
650 _aDUCKS
650 _aPOULTRY
700 _aMeulen, S. J. van der
710 _aAgromisa Foundation
710 _aTechnical Centre for Agricultural and Rural Cooperation (CTA)
995 _D0.00
_FCBU-MAIN LIBRARY (Kitwe)
_H1
_I0.00
_M1
_UAVAILABLE
_WMar 15, 2010
_ZInternational Publications
999 _c40523
_d40523